| 000 | 00646nam a2200241Ia 4500 | ||
|---|---|---|---|
| 005 | 20220727142824.0 | ||
| 008 | 131103s9999 xx 000 0 und d | ||
| 020 | _a416-75020-6 | ||
| 040 | _aLoreto College | ||
| 041 | _aEnglish | ||
| 082 |
_a808.80142 _bSEC |
||
| 100 | _aSecretan, Dominique | ||
| 245 |
_aClassicism _cDominique Secretan |
||
| 260 |
_aLondon _bMethuen _c1973 |
||
| 300 | _a[7], 85 p. | ||
| 440 | _aThe critical idiom | ||
| 504 | _aIncludes bibliographical references and index | ||
| 650 | _aLiterature - | ||
| 651 | _aLiterary Criticism - | ||
| 700 | _aJump, John D.series ed. | ||
| 850 | _aLCLIB | ||
| 942 | _cBK | ||
| 999 |
_c1731 _d52210 |
||